| 000 | 01623namaa22003371i 4500 | ||
|---|---|---|---|
| 005 | 20260510122544.0 | ||
| 008 | 260510s1995 ua a|||frm||| 000 0 eng d | ||
| 040 |
_aEG-GICUC _beng _cEG-GICUC _dEG-GICUC _erda |
||
| 041 | 0 |
_aeng _beng _bara |
|
| 049 | _aDeposit | ||
| 097 | _aM.Sc | ||
| 099 | _aCai01.12.07.M.Sc.1995.Wa.C. | ||
| 100 | 0 |
_aWafaa Sabry Ahmed, _epreparation. |
|
| 245 | 1 | 0 |
_aChemical And Biological Studies On The Constituents Of Some Molluscicidal Plants / _cBy Wafaa Sabry Ahmed; Supervision Prof.Dr. Abdel-Samie Mahmoud Abdel Fattah, Prof.Dr. Mahfouz Mohamed Abdel -Gawad, Prof.Dr. Samir Mohamed EL-Amin, Dr. Mortada Mohamed EL-Sayed. _bRemainder of title / |
| 246 | 1 | 5 | _aدراسات كيميائية وبيولوجية على مكونات بع النباتات القاتلة للقواقع / |
| 264 | 0 | _c1995. | |
| 300 |
_a158 pages : _billustrations ; _c30 cm. + |
||
| 336 |
_2rda content _atext |
||
| 337 |
_2rdamedia _aUnmediated |
||
| 338 |
_2rdacarrier _avolume |
||
| 502 | _aThesis (M.Sc.) -Cairo University, 1995. | ||
| 504 | _aBibliography: pages 132-158. | ||
| 653 | 0 | _aChemistry | |
| 700 | 0 |
_aAbdel-Samie Mahmoud Abdel Fattah _ethesis advisor. |
|
| 700 | 0 |
_aMahfouz Mohamed Abdel -Gawad _ethesis advisor. |
|
| 700 | 0 |
_aSamir Mohamed EL-Amin, _ethesis advisor. |
|
| 700 | 0 |
_aMortada Mohamed EL-Sayed _ethesis advisor. |
|
| 900 |
_DDepartment of Chemistry _FFaculty of Science _UCairo University _b1995 _cAbdel-Samie Mahmoud Abdel Fattah _cMahfouz Mohamed Abdel -Gawad _cSamir Mohamed EL-Amin, _cMortada Mohamed EL-Sayed |
||
| 905 | _aEman El gebaly | ||
| 942 |
_2ddc _cTH _e21 _n0 |
||
| 999 | _c180066 | ||